000 00620cam a2200205 4500
001 2139
005 20181127164626.0
008 880407s1989 nyua 001 0 eng
010 _a 88012698
020 _a0070568995
_c
100 1 _aShigley, Joseph Edward.
245 1 0 _aMechanical engineering design /
_cJoseph Edward Shigley, Charles R. Mischke.
250 _a5th ed.
260 _aNew York :
_bMcGraw-Hill,
_cc1989.
300 _axxv, 779 p. :
_bill. ;
_c24 cm.
440 0 _aMcGraw-Hill series in mechanical engineering
500 _aIncludes index.
650 0 _aMachine design.
700 1 _aMischke, Charles R.
999 _c1683
_d1683